ბათუმის შოთა რუსთაველის სახელმწიფო უნივერსიტეტის ბიბლიოთეკა

ნარკვევები მეოცე საუკუნის გერმანული ლიტერატურიდან : ნაწ. 1 : (ბიბ.ჩანაწერი № 56066)

000 -ლიდერი
ფიქსირებული სიგრძის საკონტროლო ველი 01313nam a2200241Ia 4500
001 - საკონტროლო ნომერი
საკონტროლო ველი 23166
003 - საკონტროლო ნომრის იდენტიფიკატორი
საკონტროლო ველი GE_BSU
005 - ბოლო ოპერაციის თარიღი და დრო
საკონტროლო ველი 20230718122725.0
008 - ფიქსირებული სიგრძის მონაცემთა ელემენტები - ზოგადი ინფორმაცია
ფიქსირებული სიგრძის საკონტროლო ველი 181216s1964||||ge |||||||||||||| ||geo||
040 ## - კატალოგიზაციის წყარო
Transcribing agency GE_BSU
041 ## - ენის კოდი
Language code of text/sound track or separate title geo
080 ## - უნივერსალური ათობითი კლასიფიკაციის ინდექსი
Universal Decimal Classification number 821.112.2.09(075.8) კ-17
100 ## - მთავარი ჩანაწერი - პიროვნების სახელი
Personal name კაკაბაძე, ნოდარ
9 (RLIN) 18968
245 ## - ცნობა სათაურის შესახებ
Title ნარკვევები მეოცე საუკუნის გერმანული ლიტერატურიდან : ნაწ. 1 :
Remainder of title დამხმ. სახელმძღვ. უმაღლ. სასწ. ფილოლ.ფაკ-ტის სტუდენტების /ათვის
Statement of responsibility, etc ნოდარ კაკაბაძე ; რედ. მ. კვესელავა.
264 ## - წარმოების, გამოცემის, დისტრიბუციის და სხვა ცნობები
გამოცემის, წარმოების, დისტრიბუციის... ადგილი თბილისი :
გამოცემის, წარმოების, დისტრიბუციის... სახელწოდება ცოდნა,
გამოცემის, წარმოების, დისტრიბუციის... თარიღი 1964.
300 ## - ფიზიკური აღწერა
Extent 238 გვ. ;
Dimensions 22 სმ.
653 ## - INDEX TERM--UNCONTROLLED
Uncontrolled term გერმანული ლიტერატურის ისტორია და კრიტიკა
653 ## - INDEX TERM--UNCONTROLLED
Uncontrolled term ნარკვევები მეოცე საუკუნის გერმანული ლიტერატურიდან
653 ## - INDEX TERM--UNCONTROLLED
Uncontrolled term ნაწ. 1
700 ## - ADDED ENTRY--PERSONAL NAME
Personal name კვესელავა, მ.
Relator term რედაქტორი
9 (RLIN) 13629
942 ## - ADDED ENTRY ELEMENTS (KOHA)
Koha item type წიგნი
Source of classification or shelving scheme
ეგზემპლარები
ჩამოწერის სტატუსი დაკარგული ეგზემპლარის სტატუსი კლასიფიკაციის წყარო ან თაროზე გაწყობის სქემა დაზიანების სტატუსი არ გაიცემა მუდმივი მდებარეობა (დაცვის ადგილი) ამჟამინდელი ადგილსამყოფელი თაროზე განთავსების ადგილი შეძენის თარიღი ღირებულება, შესყიდვის ნორმალური ფასი სრული შენახვის შიფრი შტრიხკოდი ბოლო ოპერაციის თარიღი ეგზემპლარის მიმდევრობითი ნომერი (კეტერი?) ფასის ძალაში შესვლის თარიღი ეგზემპლარის სახეობა საჯარო შენიშვნა
          ბათუმის შოთა რუსთაველის სახელმწიფო უნივერსიტეტის მთავარი ბიბლიოთეკა ბათუმის შოთა რუსთაველის სახელმწიფო უნივერსიტეტის მთავარი ბიბლიოთეკა წიგნსაცავი 2018-12-17 1.09 821.112.2.09(075.8) კ-17 58593 2018-12-17 58593 2018-12-17 წიგნი 1.09 ₾.